[Event "4th HD Bank Cup 2014"]
[Site "Ho Chi Minh City VIE"]
[Date "2014.03.14"]
[Round "7.11"]
[White "Tin, Jingyao"]
[Black "Kashlinskaya, Alina"]
[Result "1/2-1/2"]
[WhiteTitle "FM"]
[BlackTitle "WGM"]
[WhiteElo "2225"]
[BlackElo "2440"]
[WhiteFideId "5804418"]
[BlackFideId "4198026"]
[EventDate "2014.03.10"]

1. d4 d5 2. c4 e6 3. Nc3 c6 4. Nf3 dxc4 5. a4 Bb4 6. e4 b5 7. Bd2 a5 8. axb5
Bxc3 9. bxc3 cxb5 10. h4 Ne7 11. h5 h6 12. g4 Bb7 13. Qb1 f5 14. gxf5 exf5 15.
Qxb5+ Bc6 16. Qxc4 Bxe4 17. Ne5 Bd5 18. Qa4+ Kf8 19. Rg1 Nbc6 20. Bf4 Kg8 21.
Bb5 Qc8 22. Bxc6 Nxc6 23. Nxc6 Qxc6 24. Qxc6 Bxc6 25. Be5 Rh7 26. Ke2 Bb5+ 27.
Ke3 Bc4 28. Rgb1 Bf7 29. Rb8+ Rxb8 30. Bxb8 Bxh5 31. Rxa5 g6 32. c4 Rb7 33. Rb5
Rxb5 34. cxb5 g5 35. d5 f4+ 36. Kd4 Be2 37. b6 Ba6 38. Be5 Kf7 39. d6 h5 40. d7
Ke7 41. Bf6+ Kxd7 42. Ke4 1/2-1/2

[Event "4th HD Bank Cup 2014"]
[Site "Ho Chi Minh City VIE"]
[Date "2014.03.14"]
[Round "7.12"]
[White "Wynn Zaw Htun"]
[Black "Vo, Thanh Ninh"]
[Result "1/2-1/2"]
[WhiteTitle "IM"]
[WhiteElo "2408"]
[BlackElo "2299"]
[WhiteFideId "13002783"]
[BlackFideId "12402141"]
[EventDate "2014.03.10"]

1. Nf3 Nf6 2. g3 d5 3. Bg2 c6 4. d3 Bg4 5. h3 Bxf3 6. Bxf3 g6 7. Nd2 Bg7 8. O-O
O-O 9. e4 Nbd7 10. Qe2 e5 11. b3 Re8 12. Bb2 Qc7 13. Bg2 Rad8 14. Rfe1 dxe4 15.
dxe4 Nc5 16. Red1 Ne6 17. Nf3 Nd4 18. Nxd4 exd4 19. Rxd4 Nd7 20. c3 Bxd4 21.
cxd4 Nf6 22. Qc2 Qe7 23. Re1 Nd7 24. Qc3 f6 25. Re3 Nf8 26. h4 h5 27. Bh3 Qf7
28. Bf1 Ne6 29. Rd3 Kh7 30. Bg2 Ng7 31. d5 f5 32. exf5 Nxf5 33. dxc6 bxc6 34.
Bxc6 Rxd3 35. Qxd3 Rc8 36. Be4 Re8 37. Qc3 Qe7 38. Bxf5 Qe1+ 39. Kg2 Qxc3 40.
Bxg6+ Kxg6 41. Bxc3 Kf5 42. Kf3 a6 43. a4 Rc8 44. Bd2 Re8 45. b4 Re4 46. a5 Ke5
47. Kg2 Kf5 48. Kf3 Ke5 49. Bf4+ Kf5 50. Bd6 Re6 51. Bf8 Re8 52. Bc5 Re5 53. Be3
Re4 54. Bc5 Re5 55. Kg2 Rd5 56. Kf3 Rd3+ 57. Ke2 Ke4 58. Be3 Rb3 59. f3+ Kf5 60.
Bc5 Ra3 61. Kf2 Rb3 62. Ke2 Ra3 63. Be3 Rb3 64. Bc5 Ra3 1/2-1/2

[Event "4th HD Bank Cup 2014"]
[Site "Ho Chi Minh City VIE"]
[Date "2014.03.14"]
[Round "7.13"]
[White "Nguyen, Van Hai"]
[Black "Hoang, Thi Bao Tram"]
[Result "1-0"]
[WhiteTitle "IM"]
[BlackTitle "WGM"]
[WhiteElo "2341"]
[BlackElo "2269"]
[WhiteFideId "12400122"]
[BlackFideId "12401102"]
[EventDate "2014.03.10"]

1. e4 e5 2. Bc4 Nc6 3. d3 Nf6 4. Nc3 d6 5. f4 Bg4 6. Nf3 exf4 7. Bxf4 Ne5 8.
Bxe5 dxe5 9. Bxf7+ Ke7 10. Bb3 g6 11. Qd2 Bxf3 12. gxf3 c6 13. Ne2 a5 14. d4
exd4 15. e5 Nd5 16. Qxd4 a4 17. Bxd5 Qxd5 18. Qxd5 cxd5 19. O-O-O Bh6+ 20. f4
Ra5 21. Rd4 Rc8 22. h4 Rc4 23. c3 Rxd4 24. cxd4 a3 25. h5 g5 26. f5 g4+ 27. Kc2
axb2 28. Kxb2 Ra8 29. Nc3 Kd7 30. Rg1 Rf8 31. Nxd5 Rxf5 32. Rxg4 Bg5 33. Kc3 h6
34. Rg2 Kc6 35. Nb4+ Kb5 36. Nd3 Kc6 37. Rf2 Rxf2 38. Nxf2 b5 39. Kd3 Bh4 40.
Ng4 Kd5 1-0

[Event "4th HD Bank Cup 2014"]
[Site "Ho Chi Minh City VIE"]
[Date "2014.03.14"]
[Round "7.14"]
[White "Duong, The Anh"]
[Black "Tu, Hoang Thai"]
[Result "1-0"]
[WhiteTitle "IM"]
[BlackTitle "IM"]
[WhiteElo "2335"]
[BlackElo "2250"]
[WhiteFideId "12401277"]
[BlackFideId "12400351"]
[EventDate "2014.03.10"]

1. Nf3 d6 2. d4 g6 3. e4 Bg7 4. Be2 e5 5. Bg5 Ne7 6. Nc3 h6 7. Be3 Bg4 8. dxe5
Bxf3 9. gxf3 Bxe5 10. Qd2 Bg7 11. Bd4 Bxd4 12. Qxd4 Rh7 13. O-O-O Nbc6 14. Qe3
Qd7 15. Bb5 O-O-O 16. Nd5 Qe6 17. Nxe7+ Nxe7 18. Qxa7 c6 19. Be2 Rhh8 20. Rd3
Kc7 21. Rb3 Rb8 22. Ba6 Qc8 23. Qb6+ Kd7 24. Bxb7 Qc7 25. Qxc7+ Kxc7 26. Ba6
Rxb3 27. axb3 Ra8 28. Bf1 Ra1+ 29. Kd2 g5 30. Bg2 Rxh1 31. Bxh1 Ng6 32. Bg2 Nh4
33. Bf1 Nxf3+ 34. Ke3 Ne5 35. Be2 f6 36. Bh5 Nd7 37. f4 Nc5 38. Bf7 Kd7 39. Bc4
h5 40. Be2 g4 41. f5 d5 42. exd5 cxd5 43. Bb5+ Kd6 44. Kf4 Ne4 45. Be8 h4 46.
Kxg4 Ke5 47. Bd7 1-0

[Event "4th HD Bank Cup 2014"]
[Site "Ho Chi Minh City VIE"]
[Date "2014.03.14"]
[Round "7.15"]
[White "Vo, Dai Hoai Duc"]
[Black "Bersamina, Paulo"]
[Result "1/2-1/2"]
[BlackTitle "FM"]
[WhiteElo "2187"]
[BlackElo "2326"]
[WhiteFideId "12400033"]
[BlackFideId "5206995"]
[EventDate "2014.03.10"]

1. d4 Nf6 2. Nf3 g6 3. Bf4 Bg7 4. e3 d6 5. Be2 O-O 6. O-O Nc6 7. h3 Nd7 8. c4 e5
9. Bg5 f6 10. Bh4 g5 11. Bg3 e4 12. Nfd2 f5 13. Bh2 Nf6 14. Nc3 Qe8 15. Qb3 f4
16. d5 f3 17. dxc6 fxe2 18. Nxe2 bxc6 19. c5+ Be6 20. Qc2 d5 21. Bxc7 Qd7 22.
Bd6 Bxh3 23. Ng3 Be6 24. f3 Rf7 25. fxe4 Re8 26. exd5 Nxd5 27. Nc4 Bg4 28. Rxf7
Qxf7 29. Re1 Qe6 30. a3 h5 31. Nf1 Bf5 32. Qe2 Bg6 33. Rc1 Nf4 34. Bxf4 gxf4 35.
Nd6 Rf8 36. Qc4 Qxc4 37. Nxc4 f3 38. gxf3 Rxf3 39. Nfd2 Rf8 40. b4 Kh7 41. Nb3
Be4 42. Nd4 Bh6 43. Re1 Rg8+ 44. Kh2 Bd5 45. Ne5 Re8 46. Nexc6 Bxe3 47. Kh3 Re4
48. Nf5 Be6 49. Ne7 Re5 50. Kg2 Bf4 51. Rxe5 Bxe5 52. b5 Bc4 53. a4 Bc7 54. Nc8
Bb3 55. b6 axb6 56. cxb6 Bxb6 57. Nxb6 Bxa4 58. Nxa4 h4 59. Kh3 Kh8 60. Nb2 Kg8
61. Nc4 Kf7 62. Nd2 Ke6 63. Ne3 Ke5 64. Ng4+ Kd4 65. Nh2 Kd5 66. Ndf3 Kc5 67.
Ng5 Kd5 68. Kg4 h3 69. Kf4 Kd4 70. Ne6+ Kd5 71. Kf5 Kd6 72. Nf4 Kc5 73. Ke5 Kc4
74. Ne6 Kb5 75. Kd6 Kb6 76. Nc5 Ka7 77. Kc6 Ka8 78. Kb6 Kb8 79. Na6+ Ka8 80.
Nc7+ Kb8 81. Kc6 Ka7 1/2-1/2

[Event "4th HD Bank Cup 2014"]
[Site "Ho Chi Minh City VIE"]
[Date "2014.03.14"]
[Round "7.16"]
[White "Hoang, Canh Huan"]
[Black "Le, Hoang Tran Chau"]
[Result "1/2-1/2"]
[WhiteTitle "FM"]
[BlackTitle "WFM"]
[WhiteElo "2321"]
[BlackElo "2124"]
[WhiteFideId "12400599"]
[BlackFideId "12401854"]
[EventDate "2014.03.10"]

1. e4 d5 2. exd5 Qxd5 3. Nc3 Qd6 4. d4 Nf6 5. Nf3 c6 6. h3 Bf5 7. g3 e6 8. Nh4
Be4 9. Nxe4 Nxe4 10. Qd3 Nf6 11. Bg2 Be7 12. O-O O-O 13. Rd1 Nbd7 14. a3 Qc7 15.
c4 Rfd8 16. Qe2 Nf8 17. Bf4 Bd6 18. Be3 Ng6 19. Nf3 Re8 20. b4 e5 21. c5 Bf8 22.
dxe5 Nxe5 23. Bf4 Nxf3+ 24. Qxf3 Qc8 25. Qb3 Qe6 26. Rab1 a6 27. Bc7 Rac8 28.
Bb6 Be7 29. Qd3 Qe5 30. Re1 Qh5 31. Kh2 Ng4+ 32. Kg1 Nf6 33. a4 Qg6 34. Qd4 Qf5
35. Rbc1 Qd7 36. Qa1 Bd8 37. Rxe8+ Qxe8 38. b5 h6 39. bxc6 bxc6 40. a5 Be7 41.
Qa4 Qd7 42. Rd1 Qb7 43. Qd4 Kf8 44. Bf3 Kg8 45. Kg2 Re8 46. Qa4 Rc8 47. Qc4 Re8
48. Be2 Ra8 49. h4 Ne8 50. Bf3 Nf6 51. Re1 Bf8 52. Qd4 Rb8 53. Re2 Rc8 54. Rd2
Be7 55. Qe5 Re8 56. Qf5 Qc8 57. Qf4 Qb7 58. Re2 Rc8 59. Qf5 Bf8 60. Rd2 Re8 61.
Rd4 Re6 62. Rd8 Nd7 63. Qf4 Nf6 64. Qd4 g6 65. Qf4 Kg7 66. Rb8 Qd7 67. Ra8 Qd3
68. Qb8 Nd7 69. Qc8 Rf6 70. Bg4 Qd2 71. Bf3 Qd3 72. Bg4 Qd2 73. Bf3 Qd3 1/2-1/2

[Event "4th HD Bank Cup 2014"]
[Site "Ho Chi Minh City VIE"]
[Date "2014.03.14"]
[Round "7.17"]
[White "Tran, Manh Tien"]
[Black "Dang, Hoang Son"]
[Result "0-1"]
[BlackTitle "FM"]
[WhiteElo "2304"]
[BlackElo "2043"]
[WhiteFideId "12401897"]
[BlackFideId "12402435"]
[EventDate "2014.03.10"]

1. c4 e6 2. Nf3 b6 3. d4 Nf6 4. a3 Bb7 5. Nc3 d5 6. cxd5 Nxd5 7. Qc2 Nd7 8. Nxd5
Bxd5 9. e4 Bb7 10. Bb5 Bd6 11. Bc6 Bxc6 12. Qxc6 O-O 13. Bg5 f6 14. Be3 Qe8 15.
Rc1 Rf7 16. O-O Rc8 17. Rc2 h6 18. Rfc1 Qe7 19. Qb7 Rcf8 20. Nh4 Rd8 21. Ng6 Qe8
22. Qc6 Kh7 23. Nh4 Nb8 24. Qxe8 Rxe8 25. f4 g5 26. fxg5 hxg5 27. Nf3 c6 28. e5
g4 29. exd6 gxf3 30. gxf3 Rd7 31. Bf4 c5 32. dxc5 bxc5 33. Rxc5 e5 34. Be3 Rxd6
35. Rc7+ Kg6 36. Rxa7 Rd3 37. Re1 Nc6 38. Rc7 Ne7 39. Rc5 Nd5 40. Bc1 Kf5 41.
Kf2 Rh8 42. Ke2 Rd4 43. Rh1 Rg8 44. Kf2 Rb8 45. Rc2 Rb3 46. Kg2 Rdd3 47. Rf2 Kg6
48. Re1 Rd4 49. Rfe2 Rdd3 50. Rf1 Kf5 51. h4 Nc7 52. h5 Ne6 53. h6 Kg6 54. Re4
Rd7 55. Rh1 Kh7 56. Rc4 Nd4 57. Rc3 Rxc3 58. bxc3 Ne2 59. Kf2 Nxc3 60. Be3 Rd3
61. Bc5 e4 62. f4 Nd5 63. Bd6 Rd2+ 64. Kg3 Ne3 65. Bb4 Rg2+ 66. Kh3 Rf2 67. Rc1
Kxh6 68. a4 Rf3+ 69. Kh2 Kh5 70. a5 Rf2+ 71. Kg3 Rg2+ 72. Kh3 Ra2 73. Re1 Ng4
74. Kg3 f5 75. Rh1+ Kg6 76. Rc1 Ra4 77. Rc6+ Kf7 78. Rb6 Nf6 79. Rb7+ Ke8 80.
Bd2 Nd5 81. Rb5 Rd4 82. Bc1 Kd7 83. a6 Rd3+ 84. Kf2 e3+ 85. Kf3 Nc3 86. Re5 e2+
87. Kf2 Kc6 88. a7 Kb7 89. Re7+ Ka8 90. Be3 Rd8 91. Rf7 Re8 0-1

[Event "4th HD Bank Cup 2014"]
[Site "Ho Chi Minh City VIE"]
[Date "2014.03.14"]
[Round "7.18"]
[White "Ton, That Nhu Tung"]
[Black "Tu, Hoang Thong"]
[Result "1/2-1/2"]
[WhiteTitle "IM"]
[BlackTitle "GM"]
[WhiteElo "2235"]
[BlackElo "2434"]
[WhiteFideId "12401439"]
[BlackFideId "12400076"]
[EventDate "2014.03.10"]

1. d4 d5 2. c4 c6 3. Nc3 Nf6 4. cxd5 cxd5 5. Nf3 Nc6 6. Bf4 Bf5 7. e3 e6 8. Bd3
Bxd3 9. Qxd3 Bd6 10. Bg5 h6 11. Bh4 O-O 12. O-O Rc8 13. Rac1 Be7 14. Qb5 Rc7 15.
Bg3 Bd6 16. Bh4 Be7 17. Bg3 Bd6 18. Bh4 Be7 19. a3 Ne8 20. Bg3 Nd6 21. Qd3 Rc8
22. Bxd6 Bxd6 23. b4 Qd7 24. g3 Ne7 25. Nb5 a6 26. Nxd6 Qxd6 27. Nd2 Rxc1 28.
Rxc1 Rc8 29. Rxc8+ Nxc8 30. Qc3 Nb6 31. Kf1 1/2-1/2

[Event "4th HD Bank Cup 2014"]
[Site "Ho Chi Minh City VIE"]
[Date "2014.03.14"]
[Round "7.19"]
[White "Muminova, Nafisa"]
[Black "Pham, Duc Thang"]
[Result "1-0"]
[WhiteTitle "WGM"]
[BlackTitle "FM"]
[WhiteElo "2322"]
[BlackElo "2201"]
[WhiteFideId "14201526"]
[BlackFideId "12401420"]
[EventDate "2014.03.10"]

1. e4 c5 2. Nf3 Nc6 3. Bb5 d6 4. O-O Bd7 5. c3 g6 6. d4 Bg7 7. h3 cxd4 8. cxd4
Qb6 9. Nc3 Nxd4 10. Bxd7+ Kxd7 11. Nd5 Nxf3+ 12. Qxf3 Qd8 13. Qb3 Ke8 14. Qxb7
Kf8 15. Be3 Nf6 16. Bxa7 Nxd5 17. exd5 Qc8 18. Qxc8+ Rxc8 19. Rac1 Ra8 20. b4 e6
21. Rc7 1-0

[Event "4th HD Bank Cup 2014"]
[Site "Ho Chi Minh City VIE"]
[Date "2014.03.14"]
[Round "7.20"]
[White "Nguyen, Hoang Nam"]
[Black "Vo, Thi Kim Phung"]
[Result "1-0"]
[WhiteTitle "CM"]
[BlackTitle "WIM"]
[WhiteElo "2281"]
[BlackElo "2197"]
[WhiteFideId "12402133"]
[BlackFideId "12401838"]
[EventDate "2014.03.10"]

1. d4 Nf6 2. c4 e6 3. Nc3 Bb4 4. Qc2 c5 5. dxc5 Na6 6. Nf3 Nxc5 7. Bd2 O-O 8. g3
d5 9. cxd5 exd5 10. a3 Bxc3 11. Bxc3 Nce4 12. Bd4 Be6 13. Bg2 Rc8 14. Qa4 Rc4
15. Qxa7 Qc7 16. O-O Nd7 17. Be3 Rc8 18. Bf4 Qc6 19. b3 Rc3 20. Nd4 Qc5 21. Qxc5
Ndxc5 22. f3 Nf6 23. Bd2 Rxb3 24. Nxb3 Nxb3 25. Ra2 d4 26. Rb2 Nd7 27. f4 b5 28.
Bb4 f5 29. Rfb1 Nc1 30. Bf1 Nf6 31. Bd2 Na2 32. Rxb5 Kf7 33. Rb8 Rc5 34. R1b5
Rc2 35. Rb2 Rc5 36. Rd8 Nc3 37. Rxd4 Nce4 38. Bg2 Nxd2 39. Rbxd2 Bb3 40. Bf3 h6
41. Rb2 Rc3 42. Kf2 Bc2 43. a4 Be4 44. Ra2 g5 45. fxg5 hxg5 46. a5 g4 47. Bg2
Rc7 48. a6 Ra7 49. Bxe4 fxe4 50. Rb4 e3+ 51. Kg2 Ke6 52. Rb6+ Kd5 1-0

[Event "4th HD Bank Cup 2014"]
[Site "Ho Chi Minh City VIE"]
[Date "2014.03.14"]
[Round "7.21"]
[White "Liu, Xiangyi"]
[Black "Tran, Thanh Tu"]
[Result "0-1"]
[WhiteTitle "FM"]
[BlackTitle "CM"]
[WhiteElo "2159"]
[BlackElo "2277"]
[WhiteFideId "8605718"]
[BlackFideId "12401404"]
[EventDate "2014.03.10"]

1. e4 c5 2. Nf3 e6 3. g3 b6 4. Bg2 Bb7 5. Qe2 g5 6. d3 h6 7. h4 gxh4 8. Nxh4 Nc6
9. c3 d6 10. Na3 Nf6 11. Bf4 Nd7 12. Nb5 Qb8 13. Rd1 a6 14. Na3 Bg7 15. Nc4 Nce5
16. Ne3 a5 17. O-O Ba6 18. Bxe5 dxe5 19. f4 exf4 20. gxf4 Bf6 21. Qg4 h5 22. Qg3
Qd8 23. Nf3 h4 24. Qg4 Qc7 25. Ng5 h3 26. Nxe6 Qc6 27. Bf3 Qxe6 28. e5 O-O-O 29.
Qxe6 fxe6 30. exf6 Nxf6 31. c4 h2+ 32. Kh1 Rh3 33. Ng2 Rg8 34. Rde1 Nh5 35. Bxh5
Bb7 36. Re4 Rxh5 37. Ne1 Rh3 38. Nf3 Rgg3 39. Ng5 Rxd3 40. Nxh3 Rxh3 0-1

[Event "4th HD Bank Cup 2014"]
[Site "Ho Chi Minh City VIE"]
[Date "2014.03.14"]
[Round "7.22"]
[White "Tran, Quoc Dung"]
[Black "Tran, Thi Mong Thu"]
[Result "1-0"]
[WhiteElo "2270"]
[BlackElo "1909"]
[WhiteFideId "12400645"]
[BlackFideId "12403415"]
[EventDate "2014.03.10"]

1. d4 d5 2. c4 c6 3. Nc3 Nf6 4. Nf3 e6 5. Bg5 Be7 6. e3 O-O 7. Qc2 Nbd7 8. Rd1
Re8 9. Bd3 dxc4 10. Bxc4 b5 11. Bd3 Bb7 12. O-O Rc8 13. Ne5 Nf8 14. f4 Qb6 15.
Bxf6 Bxf6 16. Ne4 Be7 17. Ng5 Bxg5 18. fxg5 Re7 19. b4 a5 20. a3 axb4 21. axb4
Qd8 22. Rf4 Rcc7 23. Rdf1 g6 24. Qf2 Qe8 25. Ng4 Kg7 26. Qh4 Kh8 27. Nf6 Qd8 28.
Qh6 1-0

[Event "4th HD Bank Cup 2014"]
[Site "Ho Chi Minh City VIE"]
[Date "2014.03.14"]
[Round "7.23"]
[White "Nguyen, Anh Khoi"]
[Black "Tran, Ngoc Lan"]
[Result "1-0"]
[WhiteTitle "FM"]
[WhiteElo "2147"]
[BlackElo "2244"]
[WhiteFideId "12404675"]
[BlackFideId "12401811"]
[EventDate "2014.03.10"]

1. g3 g6 2. Bg2 Bg7 3. c4 e5 4. Nc3 Nc6 5. Rb1 d6 6. b4 a6 7. d3 Be6 8. Nf3 h6
9. O-O Qd7 10. Qa4 Nge7 11. b5 Nd8 12. Nd2 c6 13. bxc6 bxc6 14. Qa3 O-O 15. Nde4
Nc8 16. Bxh6 Bh3 17. Bxh3 Qxh3 18. Bd2 Qd7 19. Na4 f5 20. Ng5 f4 21. f3 Bh6 22.
Ne4 d5 23. cxd5 cxd5 24. Nec5 Qh3 25. g4 Bg5 26. Qb3 Ne7 27. Ne4 Bh4 28. Be1 Kg7
29. Bxh4 Qxh4 30. Nec5 Rh8 31. Rf2 Rc8 32. Qb6 Rc6 33. Qa7 Qf6 34. Rb6 Rxb6 35.
Nxb6 Nf7 36. Qd7 Rb8 37. Nxd5 Nxd5 38. Qxd5 Rb1+ 39. Rf1 Qb6 40. d4 Rxf1+ 41.
Kxf1 Qb1+ 42. Kg2 Qe1 43. Ne6+ Kg8 44. Qe4 Kh7 45. dxe5 Qd2 46. Nxf4 Qxa2 47.
Qxg6+ Kh8 48. e6 1-0

[Event "4th HD Bank Cup 2014"]
[Site "Ho Chi Minh City VIE"]
[Date "2014.03.14"]
[Round "7.24"]
[White "Pham, Thi Thu Hien"]
[Black "Vijayalakshmi, Subbaraman"]
[Result "0-1"]
[BlackTitle "IM"]
[WhiteElo "2158"]
[BlackElo "2365"]
[WhiteFideId "12402575"]
[BlackFideId "5004098"]
[EventDate "2014.03.10"]

1. e4 e5 2. Nf3 Nc6 3. Bc4 Bc5 4. c3 Nf6 5. d3 O-O 6. O-O Be7 7. Re1 d6 8. h3
Na5 9. Nbd2 c6 10. b4 Nxc4 11. Nxc4 Re8 12. Bb2 Qc7 13. Qc2 Nh5 14. a4 g6 15. d4
f6 16. Ne3 Be6 17. c4 Rad8 18. d5 Bc8 19. Rac1 c5 20. bxc5 dxc5 21. Nd2 Rf8 22.
Nb1 Bd6 23. Nc3 a6 24. Ne2 f5 25. exf5 gxf5 26. Qc3 Qg7 27. Nf1 Nf6 28. Neg3
Rde8 29. Rb1 f4 30. Ne4 Nxe4 31. Rxe4 Bf5 32. Rbe1 Bxe4 33. Rxe4 Rf6 34. Nd2 Kh8
35. Qf3 Rg8 36. Nf1 Rg6 37. g3 fxg3 38. Nxg3 h6 39. Re3 Qd7 40. Kh2 Rf8 41.
Bxe5+ Kh7 42. Qe2 Bxe5 43. Rxe5 Rf7 44. Re6 Rgf6 45. Qe4+ Kg8 46. Rxf6 Rxf6 47.
Kg2 Qf7 48. Qg4+ Kh7 49. Qe4+ Kh8 50. Qe3 b6 51. Qe5 Qg7 52. Qe8+ Rf8 53. Qe6
Qf6 54. Qe3 Qf4 55. Qc3+ Qd4 56. Qe1 Qf4 57. Qe2 Rf7 58. Qe8+ Kh7 59. Qe2 Qf6
60. Qe4+ Kg8 61. Qg4+ Kh8 62. Qe2 Rf8 63. Qe3 Kg8 64. Qe2 Kf7 65. Qe4 Kg8 66.
Qe2 Rf7 67. Qe8+ Kh7 68. Qe4+ Qg6 69. Qe2 Rf4 70. Qe7+ Qf7 71. Qe2 Kg8 72. Nh5
Qg6+ 73. Ng3 Kf8 74. Qf1 Qc2 75. Qe1 Qg6 76. Qe2 h5 77. Qe5 Rxc4 78. d6 Rd4 79.
Qe7+ Kg8 80. d7 Qc6+ 81. Ne4 Rxd7 82. Qxd7 Qxe4+ 83. Kg1 Qg6+ 84. Kh2 a5 85.
Qd8+ Kg7 86. Qe7+ Qf7 87. Qg5+ Kh7 88. Qe3 Qc7+ 89. Kg1 c4 90. Qe4+ Kg7 91. Qd4+
Kf7 92. Qe4 Qc5 93. Qf3+ Ke6 94. Qe4+ Kd7 95. Qb7+ Ke6 96. Qe4+ Kd6 97. Qf4+ Kc6
98. Qe4+ Kc7 99. Qh7+ Kb8 100. Qg8+ Qc8 101. Qg6 Ka7 102. Qg7+ Ka6 103. Qc3 Qc6
104. Qc2 c3 105. Qd3+ Kb7 106. Qh7+ Qc7 107. Qe4+ Ka7 108. Qc2 Qc5 109. Qh7+ Kb8
110. Qg8+ Qc8 111. Qb3 Kb7 112. Qc2 Qxh3 113. Qe4+ Kc7 114. Qc4+ Kd7 115. Qd5+
Ke7 116. Qe5+ Qe6 117. Qxc3 Kd7 118. Qd3+ Kc8 119. Qc3+ Kb7 120. Qf3+ Qc6 121.
Qf7+ Ka6 122. Qb3 Qd7 123. Qc4+ Ka7 124. Qc2 Qg7+ 125. Kh2 Kb8 126. Qb3 Qe5+
127. Kg2 Kc7 128. Qf7+ Kb8 129. Qg8+ Kb7 130. Qf7+ Qc7 131. Qb3 Qf4 132. Qd5+
Kc7 133. Qb3 Qg5+ 134. Kh2 Kc6 135. Qc4+ Qc5 136. Qe4+ Qd5 137. Qc2+ Kd6 138.
Kg1 h4 139. Qg6+ Kc5 140. Qc2+ Qc4 141. Qf5+ Kc6 142. Qc8+ Kd5 143. Qf5+ Kd6
144. Qf8+ Kc7 145. Qe7+ Kb8 146. Qd8+ Kb7 147. Qe7+ Ka6 148. Qe8 Qg4+ 149. Kh2
Qf4+ 150. Kg1 Kb7 151. Qd7+ Qc7 152. Qg4 Qe7 153. Qf3+ Ka7 154. Qb3 Qg7+ 155.
Kh2 Qf6 156. Kg2 Kb7 157. Kg1 h3 158. Qxh3 Qa1+ 159. Kg2 Qxa4 160. Qh7+ Ka6 161.
Qd3+ Qb5 162. Qd8 Qc6+ 163. Kg3 Qg6+ 164. Kh3 Qe6+ 165. Kg3 a4 166. f4 Qf5 167.
Qd6 Qc5 168. Qxc5 bxc5 169. f5 a3 170. f6 a2 171. f7 a1=Q 172. f8=Q Qg1+ 173.
Kh3 Qe3+ 174. Kg2 Kb5 175. Qb8+ Kc4 176. Kf1 Kc3 177. Qa7 Kb2 178. Qg7+ Kc2 179.
Qg2+ Qd2 180. Qc6 Qd3+ 181. Ke1 Qe3+ 182. Kf1 Kd2 183. Qg2+ Kc3 184. Qg7+ Qd4
185. Qa7 Qd1+ 186. Kf2 c4 187. Qa3+ Qb3 188. Qa5+ Kb2 189. Qe5+ c3 190. Ke1 Kb1
191. Qe4+ c2 192. Kd2 Qb2 193. Qd3 Qb4+ 194. Ke2 Kb2 0-1

[Event "4th HD Bank Cup 2014"]
[Site "Ho Chi Minh City VIE"]
[Date "2014.03.14"]
[Round "7.25"]
[White "Tran, Tuan Minh"]
[Black "Nguyen, Sy Hung"]
[Result "1/2-1/2"]
[WhiteTitle "FM"]
[WhiteElo "2353"]
[BlackElo "2131"]
[WhiteFideId "12401820"]
[BlackFideId "12401374"]
[EventDate "2014.03.10"]

1. d4 g6 2. Nc3 Bg7 3. e4 d6 4. Be3 a6 5. a4 Nd7 6. a5 e5 7. Nf3 Ngf6 8. dxe5
dxe5 9. Bc4 O-O 10. O-O Qe7 11. Qe2 h6 12. h3 Nc5 13. Rfe1 c6 14. Ba2 Nh5 15. b4
Ne6 16. Bxe6 Qxe6 17. Na4 Nf4 18. Bxf4 exf4 19. Nc5 Qe7 20. e5 Re8 21. Rad1 Bf5
22. Qc4 g5 23. Rd2 Rad8 24. Red1 Rxd2 25. Rxd2 Qc7 26. Nd4 Bc8 27. e6 fxe6 28.
Nf5 Bf8 29. Qe4 Qh7 30. Nd6 Bxd6 31. Rxd6 Qxe4 32. Nxe4 Kf7 33. c4 Ke7 34. c5
Rf8 35. Rd2 e5 36. f3 Be6 37. Nd6 Bd5 38. Kf2 Ke6 39. Rb2 Rb8 40. h4 gxh4 41.
Rb1 h3 42. Rh1 hxg2 43. Rxh6+ Ke7 44. Kxg2 Rg8+ 45. Kf2 Kd7 46. Rh7+ Ke6 47.
Rh6+ Kd7 48. Rh7+ Ke6 49. Rh6+ Kd7 1/2-1/2

[Event "4th HD Bank Cup 2014"]
[Site "Ho Chi Minh City VIE"]
[Date "2014.03.14"]
[Round "7.26"]
[White "Pham, Le Thao Nguyen"]
[Black "Tong, Thai Hung"]
[Result "1/2-1/2"]
[WhiteTitle "IM"]
[WhiteElo "2349"]
[BlackElo "2151"]
[WhiteFideId "12401226"]
[BlackFideId "12403555"]
[EventDate "2014.03.10"]

1. Nf3 d5 2. g3 Nf6 3. Bg2 c6 4. O-O Bf5 5. d3 h6 6. Nbd2 e6 7. b3 Bc5 8. Bb2
O-O 9. c4 a5 10. a3 Nbd7 11. Qc2 Bh7 12. Bc3 Qb6 13. Qb2 Rfd8 14. b4 axb4 15.
axb4 Rxa1 16. Qxa1 Bxb4 17. Bxb4 Qxb4 18. Rb1 Qf8 19. Rxb7 Ra8 20. Ra7 Rxa7 21.
Qxa7 g5 22. Qb7 Qd6 23. h4 g4 24. Nh2 h5 25. Nhf1 Kg7 26. Ne3 Bg6 27. Bf1 Kh7
28. Ng2 e5 29. Qb2 Qb8 30. Qa3 Qf8 31. Qa4 Qd6 32. Nb3 Ng8 33. Ne3 Ne7 34. Qa5
f5 35. cxd5 cxd5 36. Bg2 Nf6 37. d4 f4 38. dxe5 Qxe5 39. gxf4 Qxf4 40. Qa7 Qe5
41. Nd4 Kh8 42. Nf1 Be4 43. Ng3 Bxg2 44. Kxg2 Nfg8 45. e3 Qf6 46. Qd7 Qxh4 47.
Qe8 Qg5 48. Nxh5 Qg6 49. Qxg6 Nxg6 50. Kg3 Ne5 51. Ne2 Nh6 52. Nf6 Nf5+ 53. Kf4
Nxe3 54. Kxe3 Kg7 55. Nxd5 Kf7 56. Ke4 Nc4 57. Kf4 Nb2 58. Kxg4 Nd1 59. f3 Nf2+
60. Kg3 Nd1 61. Nd4 Nb2 62. Kg4 Kg7 63. f4 1/2-1/2

[Event "4th HD Bank Cup 2014"]
[Site "Ho Chi Minh City VIE"]
[Date "2014.03.14"]
[Round "7.27"]
[White "Sukandar, Irine Kharisma"]
[Black "Nguyen, Phuoc Tam"]
[Result "1-0"]
[WhiteTitle "WGM"]
[WhiteElo "2343"]
[BlackElo "2055"]
[WhiteFideId "7101937"]
[BlackFideId "12402109"]
[EventDate "2014.03.10"]

1. e4 c5 2. Nf3 d6 3. d4 cxd4 4. Nxd4 Nf6 5. Nc3 g6 6. Be2 Bg7 7. O-O O-O 8. Re1
Nc6 9. Nb3 a6 10. Bf1 b5 11. Bg5 h6 12. Bh4 g5 13. Bg3 Ng4 14. Rb1 Nge5 15. Nd5
Ng6 16. c3 Bb7 17. Ne3 Re8 18. Nf5 Bf8 19. Qh5 Kh7 20. Rbd1 Nce5 21. Nc5 Qc7 22.
Nxb7 Qxb7 23. Re3 Rad8 24. h4 Nf4 25. Bxf4 gxf4 26. Rh3 e6 27. Nd4 Bg7 28. Nf3
Qe7 29. Nxe5 Bxe5 30. c4 bxc4 31. Bxc4 a5 32. Rb3 Rg8 33. Rb5 Rg7 34. Be2 Rdg8
35. Bf3 Qf6 36. Rb7 Rc8 37. Rb5 a4 38. b3 a3 39. Ra5 Rc2 40. Rxa3 Qe7 41. Ra6
Rc5 42. b4 Rb5 43. Raxd6 Qf6 44. a3 Rb8 45. Rc6 Bd4 46. Rc4 e5 47. Qf5+ Rg6 48.
a4 Kg7 49. Qxf6+ Rxf6 50. b5 Rfb6 51. Rcxd4 exd4 52. e5 Rd8 53. Bc6 Rbb8 54. a5
Rbc8 55. a6 Rc7 56. Kf1 Kf8 57. Ke2 Ke7 58. Kd3 Rb8 59. Ra1 Ra7 60. Kxd4 Rd8+
61. Kc5 Rc7 62. Rd1 Rdc8 63. Rd4 1-0

[Event "4th HD Bank Cup 2014"]
[Site "Ho Chi Minh City VIE"]
[Date "2014.03.14"]
[Round "7.28"]
[White "Ngo, Thi Kim Tuyen"]
[Black "Boricsev, Oleg"]
[Result "0-1"]
[BlackTitle "IM"]
[WhiteElo "2083"]
[BlackElo "2339"]
[WhiteFideId "12400505"]
[BlackFideId "720500"]
[EventDate "2014.03.10"]

1. d4 g6 2. c4 Bg7 3. Nf3 f5 4. g3 Nf6 5. Bg2 d6 6. O-O O-O 7. Nc3 c6 8. Rb1 Qe8
9. d5 c5 10. b4 cxb4 11. Rxb4 Na6 12. Rb1 Nc5 13. Nd4 Nfd7 14. Ncb5 Qd8 15. Nc6
bxc6 16. dxc6 Nb6 17. c7 Qe8 18. Bxa8 Nxa8 19. Qd5+ Be6 20. Qd2 a6 21. Nd4 Bxc4
22. Rb8 Qd7 23. Rxf8+ Bxf8 24. Bb2 e5 25. Rc1 Nb6 26. Qb4 0-1